| 000 | 00920nam a2200289Ia 4500 | ||
|---|---|---|---|
| 001 | Para_8465 | ||
| 003 | CHAP | ||
| 008 | 220125s9999 xx 000 0 und d | ||
| 010 | _a206629 | ||
| 040 | _cCHAP | ||
| 082 | _aPA-C 595.752 A6 | ||
| 100 |
_aJones, Charles R. _9172943 |
||
| 245 |
_aAnts and their relation to aphids / _c by charles R. Jones |
||
| 260 |
_aFort Colins, Col. : _b Colorado agricultural College. Experiment Station |
||
| 300 | _a96 p. | ||
| 440 |
_aAphidae; 15 _9172930 |
||
| 500 | _aEncuadernado con otros impresos similares | ||
| 650 |
_a _x Afididos _x Colecciones de escritos _x Hormigas _x Afididos _x Hábitos y Conducta _9172944 |
||
| 710 |
_aFlorida Agric. Exp. Sta. Bull.; 341 _9172945 |
||
| 901 | _aPA-C 595.752 A6 | ||
| 902 | _aA | ||
| 905 | _a000000 0000000000 00 | ||
| 910 | _a | ||
| 942 | _cPARA | ||
| 942 |
_cPARA _d1 |
||
| 999 |
_c206629 _d206629 |
||